[Event "Gibraltar Chess Festival 2017 - Masters"]
[Site "Gibraltar ENG"]
[Date "2017.01.31"]
[Round "8.113"]
[White "Ramirez Leyva, Freddy"]
[Black "Vilarnovo Caamano, Jose"]
[Result "0-1"]
[WhiteElo "1862"]
[BlackElo "2009"]
[PlyCount "60"]
[EventDate "2017.01.24"]
[EventType "swiss"]
[EventRounds "10"]
[EventCountry "ENG"]
[SourceTitle "Ajedrez en Madrid"]
[Source "lmi"]
[SourceDate "2017.01.24"]

1. d4 e6 2. c4 f5 3. Nf3 Nf6 4. g3 d6 5. Bg2 Be7 6. O-O O-O 7. Nc3 Qe8 8. b4
Nc6 9. a3 Bd8 10. Bb2 Rb8 11. b5 Na5 12. Qd3 e5 13. dxe5 dxe5 14. Nd2 e4 15.
Qd4 b6 16. Nd5 Bb7 17. Ne3 Qg6 18. Bc3 Ne8 19. Nd5 c6 20. Bxa5 cxd5 21. Bb4 Bf6
22. Qe3 Bxa1 23. Bxf8 Be5 24. Bb4 Nf6 25. cxd5 Bxd5 26. Rc1 Ng4 27. Nc4 Nxe3
28. Nxe3 Qe6 29. Nxd5 Qxd5 30. Bc3 Bd4 0-1

[Event "Gibraltar Chess Festival 2017 - Masters"]
[Site "Gibraltar ENG"]
[Date "2017.01.31"]
[Round "8.114"]
[White "Press, Shaun"]
[Black "Day, Christopher"]
[Result "1/2-1/2"]
[WhiteElo "1970"]
[BlackElo "1760"]
[PlyCount "96"]
[EventDate "2017.01.24"]
[EventType "swiss"]
[EventRounds "10"]
[EventCountry "ENG"]
[SourceTitle "Ajedrez en Madrid"]
[Source "lmi"]
[SourceDate "2017.01.24"]

1. e4 c6 2. d4 d5 3. Nc3 dxe4 4. Nxe4 Bf5 5. Ng3 Bg6 6. Nf3 Nd7 7. Bd3 Ngf6 8.
O-O e6 9. b3 Be7 10. Bb2 O-O 11. Re1 c5 12. Bxg6 hxg6 13. Qe2 cxd4 14. Nxd4 Qb6
15. Rad1 Rfd8 16. h3 Rac8 17. a3 a6 18. Rd2 Rc7 19. Red1 Rdc8 20. Kh1 Nb8 21.
Nf3 Nc6 22. Ne4 Nxe4 23. Qxe4 Bf6 24. Bxf6 gxf6 25. Qf4 Kg7 26. Kg1 Ne7 27. Ne1
Nd5 28. Qf3 Nc3 29. Ra1 Qc5 30. Qd3 Qe5 31. Rc1 Qa5 32. a4 Qb4 33. Ra1 Rc5 34.
Qe3 Re5 35. Nd3 Rxe3 36. Nxb4 Re4 37. Nd3 Rd4 38. f3 e5 39. Re1 Rcd8 40. Kf1 a5
41. Rf2 b6 42. Kg1 Kh6 43. g3 R8d5 44. Kg2 Kg7 45. Nb2 Rd6 46. Nc4 Re6 47. Kf1
Kf8 48. Rd2 Rxd2 1/2-1/2

[Event "Gibraltar Chess Festival 2017 - Masters"]
[Site "Gibraltar ENG"]
[Date "2017.01.31"]
[Round "8.115"]
[White "Lochte, Szilvia"]
[Black "Green, Per"]
[Result "1-0"]
[WhiteElo "1829"]
[BlackElo "1956"]
[PlyCount "139"]
[EventDate "2017.01.24"]
[EventType "swiss"]
[EventRounds "10"]
[EventCountry "ENG"]
[SourceTitle "Ajedrez en Madrid"]
[Source "lmi"]
[SourceDate "2017.01.24"]

1. d4 d5 2. Bf4 Nf6 3. e3 c5 4. c3 Nc6 5. Nd2 cxd4 6. exd4 Bf5 7. Ngf3 h6 8.
Qb3 Qc8 9. Ne5 g5 10. Bg3 Bg7 11. Be2 e6 12. Qa3 Nd7 13. Nxd7 Qxd7 14. Bb5 a6
15. Nf3 Qc8 16. Be2 b5 17. O-O Bf6 18. Bd6 Be7 19. Bxe7 Nxe7 20. Ne5 Nc6 21.
Qd6 Nxe5 22. Qxe5 Ke7 23. Rfe1 Qb8 24. Qg7 Rh7 25. Qe5 Qxe5 26. dxe5 Rhh8 27.
a4 bxa4 28. Rxa4 Rhb8 29. b4 Rc8 30. Ra3 d4 31. cxd4 Rcb8 32. Ra4 Rd8 33. Bf3
Rab8 34. Rxa6 Rxd4 35. Ra7+ Kf8 36. Bh5 Rdxb4 37. Rxf7+ Kg8 38. Rc7 Rb1 39.
Rcc1 R1b2 40. h3 Rd8 41. Rc7 Kh8 42. Ra1 Rb1+ 43. Rxb1 Bxb1 44. Re7 Ba2 45. Bg4
Rd5 46. Rxe6 Ra5 47. Rxh6+ Kg7 48. Rd6 Rxe5 49. Rd2 Bc4 50. Kh2 Re1 51. Kg3 Kf6
52. h4 gxh4+ 53. Kxh4 Re4 54. f3 Re1 55. Rd6+ Ke5 56. Rd8 Rg1 57. Re8+ Kf6 58.
Bh3 Bf7 59. Rc8 Bd5 60. Rc5 Rd1 61. Rb5 Ke5 62. Kg5 Rg1 63. f4+ Kd6 64. Rb2 Rh1
65. f5 Ke5 66. Re2+ Kd6 67. Kg6 Bc4 68. Re3 Bd5 69. f6 Rf1 70. g4 1-0

[Event "Gibraltar Chess Festival 2017 - Masters"]
[Site "Gibraltar ENG"]
[Date "2017.01.31"]
[Round "8.116"]
[White "Robles, Bryan"]
[Black "Boerkamp, Harry"]
[Result "0-1"]
[WhiteElo "1711"]
[BlackElo "1955"]
[PlyCount "63"]
[EventDate "2017.01.24"]
[EventType "swiss"]
[EventRounds "10"]
[EventCountry "ENG"]
[SourceTitle "Ajedrez en Madrid"]
[Source "lmi"]
[SourceDate "2017.01.24"]

1. d4 Nf6 2. c4 c5 3. d5 b5 4. cxb5 a6 5. e3 g6 6. Nc3 Bg7 7. Nf3 O-O 8. b6
Qxb6 9. g3 a5 10. Be2 d6 11. O-O Ba6 12. a4 Bxe2 13. Qxe2 Na6 14. e4 Rfb8 15.
Bd2 Qd8 16. Rab1 Nb4 17. Nb5 Qd7 18. Kg2 Ne8 19. Bc3 Nc7 20. Bxg7 Kxg7 21. Nc3
Rf8 22. Nd2 f5 23. f3 e5 24. dxe6 Nxe6 25. Nb5 Nc7 26. exf5 Rxf5 27. Nxc7 Re5
28. Qb5 Qxc7 29. Rbe1 Rb8 30. Qc4 d5 31. Qc3 d4 32. Qc2 0-1

[Event "Gibraltar Chess Festival 2017 - Masters"]
[Site "Gibraltar ENG"]
[Date "2017.01.31"]
[Round "8.117"]
[White "Murray, J Stephen"]
[Black "Noordhoek, Henk"]
[Result "1/2-1/2"]
[WhiteElo "1789"]
[BlackElo "2004"]
[PlyCount "169"]
[EventDate "2017.01.24"]
[EventType "swiss"]
[EventRounds "10"]
[EventCountry "ENG"]
[SourceTitle "Ajedrez en Madrid"]
[Source "lmi"]
[SourceDate "2017.01.24"]

1. e4 Nf6 2. e5 Nd5 3. Nc3 Nxc3 4. dxc3 g6 5. Bf4 Bg7 6. Nf3 d6 7. Bc4 O-O 8.
Qe2 Nc6 9. O-O-O Bg4 10. e6 fxe6 11. Bxe6+ Bxe6 12. Qxe6+ Kh8 13. Be3 Qc8 14.
Qe4 Qf5 15. Qc4 Qf7 16. Qxf7 Rxf7 17. Nd4 Ne5 18. h3 Nc4 19. Ne6 Nxe3 20. fxe3
Bh6 21. Nxc7 Bxe3+ 22. Kb1 Rc8 23. Nd5 Bg5 24. Rhe1 Kg7 25. g3 Kf8 26. h4 Bf6
27. Nxf6 Rxf6 28. Rf1 Kf7 29. Kc1 Rc5 30. Rxf6+ Kxf6 31. Rd3 Rf5 32. c4 Ke6 33.
Ra3 a6 34. Rb3 Rf1+ 35. Kd2 Rf2+ 36. Kd1 Rg2 37. a4 a5 38. Rxb7 Rxg3 39. b4
axb4 40. Rxb4 Ra3 41. Kd2 Kd7 42. Rb7+ Kd8 43. Rb4 Kc7 44. c3 Ra2+ 45. Kd3 Ra1
46. Kc2 Rh1 47. a5 Rxh4 48. a6 Rh5 49. Rb7+ Kc6 50. Rxe7 Ra5 51. Rxh7 Rxa6 52.
Rg7 Ra2+ 53. Kd3 Rg2 54. Kd4 Rg5 55. Rg8 Kd7 56. Rg7+ Ke6 57. Rg8 Rg4+ 58. Kd3
Kd7 59. Rg7+ Kc6 60. Rg8 g5 61. Rc8+ Kd7 62. Rg8 Rg3+ 63. Ke2 Ke7 64. Kf2 Rg4
65. Kf3 Rf4+ 66. Ke3 Rf5 67. Ke4 Re5+ 68. Kf3 Rc5 69. Rg7+ Kf6 70. Rd7 Rc6 71.
c5 dxc5 72. Rd5 c4 73. Kg4 Re6 74. Rf5+ Ke7 75. Rc5 Re4+ 76. Kxg5 Kd6 77. Kf5
Rh4 78. Rc8 Kd5 79. Rd8+ Kc5 80. Ke5 Rh5+ 81. Ke4 Rh3 82. Rc8+ Kb5 83. Rb8+ Kc5
84. Rc8+ Kb5 85. Rb8+ 1/2-1/2

[Event "Gibraltar Chess Festival 2017 - Masters"]
[Site "Gibraltar ENG"]
[Date "2017.01.31"]
[Round "8.119"]
[White "Neumanova, Monika"]
[Black "Minnema, Rens"]
[Result "1/2-1/2"]
[WhiteElo "1707"]
[BlackElo "1893"]
[PlyCount "61"]
[EventDate "2017.01.24"]
[EventType "swiss"]
[EventRounds "10"]
[EventCountry "ENG"]
[SourceTitle "Ajedrez en Madrid"]
[Source "lmi"]
[SourceDate "2017.01.24"]

1. d4 Nf6 2. c4 d6 3. Nc3 g6 4. e4 Bg7 5. f3 O-O 6. Be3 c6 7. Bd3 Nbd7 8. Qd2
Qc7 9. Nge2 e5 10. d5 a5 11. b3 Rd8 12. Bg5 Nc5 13. Bc2 Re8 14. O-O Kh8 15. Kh1
Ng8 16. g4 f6 17. Be3 Nd7 18. Rad1 c5 19. Ng3 Nf8 20. h4 Ne7 21. Bd3 Bd7 22.
Qc2 Reb8 23. a4 Ng8 24. Rd2 Qd8 25. Rg2 Qe7 26. Qd2 Re8 27. Rh2 Rad8 28. Nd1 b6
29. Nf2 Bc8 30. Kg2 Bd7 31. Rfh1 1/2-1/2

[Event "Gibraltar Chess Festival 2017 - Masters"]
[Site "Gibraltar ENG"]
[Date "2017.01.31"]
[Round "8.120"]
[White "Newbry, Benjamin J"]
[Black "Chilton, James I"]
[Result "1-0"]
[WhiteElo "1879"]
[BlackElo "1756"]
[PlyCount "119"]
[EventDate "2017.01.24"]
[EventType "swiss"]
[EventRounds "10"]
[EventCountry "ENG"]
[SourceTitle "Ajedrez en Madrid"]
[Source "lmi"]
[SourceDate "2017.01.24"]

1. b3 e5 2. Bb2 Nc6 3. e3 Nf6 4. Bb5 d6 5. Nf3 Be7 6. d4 exd4 7. Nxd4 Bd7 8.
Bxc6 Bxc6 9. Nxc6 bxc6 10. Qf3 Qd7 11. O-O O-O 12. Nd2 a5 13. Ne4 Nxe4 14. Qxe4
f5 15. Qc4+ d5 16. Qd3 Qe6 17. a4 f4 18. exf4 Rxf4 19. Rae1 Qd7 20. Be5 Rf7 21.
Re2 Bc5 22. Bd4 Bb6 23. Qe3 Rb8 24. Rfe1 Qd6 25. Qd2 Rbf8 26. Kh1 Qf4 27. Qxf4
Rxf4 28. Bxb6 cxb6 29. f3 b5 30. axb5 cxb5 31. Rd2 a4 32. bxa4 bxa4 33. Rxd5
Rc8 34. Ra5 Rxc2 35. Kg1 Ra2 36. Ra7 Rf7 37. Re8+ Rf8 38. Ree7 Rb8 39. h3 a3
40. Rxg7+ Kf8 41. Rxh7 Kg8 42. Rhb7 Ra1+ 43. Kh2 Rxb7 44. Rxb7 Re1 45. Ra7 Re3
46. Kg3 Kf8 47. Kf4 Re2 48. g4 a2 49. h4 Kg8 50. h5 Rh2 51. Kg5 Rf2 52. f4 Kf8
53. h6 Rh2 54. f5 Kg8 55. Kg6 Kf8 56. h7 Ke8 57. g5 Kf8 58. f6 Ke8 59. Kg7 Rh5
60. f7+ 1-0

[Event "Gibraltar Chess Festival 2017 - Masters"]
[Site "Gibraltar ENG"]
[Date "2017.01.31"]
[Round "8.121"]
[White "Bullock, Lee"]
[Black "Koes, Richard"]
[Result "0-1"]
[WhiteElo "1563"]
[BlackElo "1830"]
[PlyCount "101"]
[EventDate "2017.01.24"]
[EventType "swiss"]
[EventRounds "10"]
[EventCountry "ENG"]
[SourceTitle "Ajedrez en Madrid"]
[Source "lmi"]
[SourceDate "2017.01.24"]

1. d4 Nf6 2. Bf4 d6 3. e3 g6 4. Bd3 Bg7 5. Nf3 Nbd7 6. Nbd2 O-O 7. c3 Qe8 8.
Qc2 e5 9. dxe5 Nxe5 10. Nxe5 dxe5 11. Bg3 Bd7 12. O-O-O Ba4 13. b3 Bc6 14. e4
Qe7 15. Nc4 Nd7 16. Kb1 Nc5 17. f3 Nxd3 18. Rxd3 a5 19. Ne3 b5 20. Nd5 Bxd5 21.
Rxd5 c6 22. Rd3 a4 23. b4 c5 24. Qb2 a3 25. Qd2 cxb4 26. cxb4 Rfd8 27. Rxd8+
Rxd8 28. Qc3 Rd4 29. Be1 Bh6 30. Qxa3 Rd1+ 31. Kc2 Qd6 32. g3 Rxe1 33. Qa8+ Kg7
34. Rxe1 Qd2+ 35. Kb3 Qxe1 36. Qd5 Qe3+ 37. Kc2 Qe2+ 38. Kb1 Qe1+ 39. Kc2 Qc1+
40. Kb3 Qb1+ 41. Kc3 Qa1+ 42. Kb3 Bc1 43. Kc2 Qb2+ 44. Kd1 Be3 45. Qd3 Bd4 46.
Qxb5 Qxa2 47. f4 Qb3+ 48. Ke2 Qe3+ 49. Kd1 Qg1+ 50. Kc2 Qxh2+ 51. Kb1 0-1

[Event "Gibraltar Chess Festival 2017 - Masters"]
[Site "Gibraltar ENG"]
[Date "2017.01.31"]
[Round "8.122"]
[White "Bauer, Dieter"]
[Black "Odeh, Kenneth"]
[Result "0-1"]
[WhiteElo "1772"]
[BlackElo "1969"]
[PlyCount "52"]
[EventDate "2017.01.24"]
[EventType "swiss"]
[EventRounds "10"]
[EventCountry "ENG"]
[SourceTitle "Ajedrez en Madrid"]
[Source "lmi"]
[SourceDate "2017.01.24"]

1. e4 c6 2. d4 d5 3. e5 c5 4. dxc5 Nc6 5. Nf3 Bg4 6. Be2 e6 7. Bf4 Bxc5 8. O-O
Nge7 9. c3 Ng6 10. Bg3 O-O 11. Nbd2 a5 12. a4 Rc8 13. Re1 h5 14. h3 Bxf3 15.
Bxf3 h4 16. Bh2 Qb6 17. Re2 Qc7 18. Qe1 Ba7 19. Rd1 Bb8 20. c4 Nd4 21. cxd5
Nxe2+ 22. Qxe2 exd5 23. Bxd5 Nxe5 24. Qh5 Rcd8 25. Be4 g6 26. Qxh4 Rxd2 0-1

[Event "Gibraltar Chess Festival 2017 - Masters"]
[Site "Gibraltar ENG"]
[Date "2017.01.31"]
[Round "8.123"]
[White "Beadle, John R"]
[Black "Tveten, Per"]
[Result "1-0"]
[WhiteElo "1544"]
[BlackElo "1486"]
[PlyCount "137"]
[EventDate "2017.01.24"]
[EventType "swiss"]
[EventRounds "10"]
[EventCountry "ENG"]
[SourceTitle "Ajedrez en Madrid"]
[Source "lmi"]
[SourceDate "2017.01.24"]

1. e4 e5 2. Nf3 Nc6 3. Bb5 d6 4. c3 Nf6 5. d4 exd4 6. cxd4 a6 7. Bxc6+ bxc6 8.
Nc3 Be7 9. O-O O-O 10. h3 d5 11. e5 Nd7 12. Nh2 Nb6 13. Qd3 a5 14. Qc2 g6 15.
Bh6 Re8 16. f4 Bf5 17. Qf2 Nd7 18. g4 Bd3 19. Rfd1 Ba6 20. Qe3 Bf8 21. f5 f6
22. Bxf8 Nxf8 23. e6 g5 24. Na4 Nd7 25. Qc3 Nb6 26. Qxc6 Nxa4 27. Qxa4 Qd6 28.
Qa3 Qxa3 29. bxa3 Kf8 30. Rab1 Rab8 31. Nf1 Bc4 32. Rdc1 Rb6 33. Ne3 Bd3 34.
Rxb6 cxb6 35. Nxd5 b5 36. Nxf6 Re7 37. Rc8+ Kg7 38. Nh5+ Kh6 39. Rf8 Bxf5 40.
Rxf5 Rxe6 41. Rf6+ Rxf6 42. Nxf6 Kg6 43. Ne4 h6 44. Nd6 b4 45. axb4 axb4 46.
Nf5 h5 47. d5 hxg4 48. hxg4 Kf6 49. Kf2 Ke5 50. d6 Ke6 51. Ke3 Kd7 52. Kd4 Kc6
53. Kc4 Kd7 54. Kxb4 Ke6 55. Kc5 Ke5 56. d7 Kf4 57. d8=Q Kxg4 58. Ne3+ Kf4 59.
Qd4+ Kf3 60. Kd5 Ke2 61. Nc4 Kf3 62. Qe4+ Kg3 63. Qf5 Kh4 64. Ke4 Kh5 65. Kf3
Kh6 66. Qf6+ Kh5 67. Ne5 g4+ 68. Kf4 g3 69. Qg5# 1-0